000
00309nam a2200133Ia 4500
005
20251222141934.0
008
251222s9999||||xx |||||||||||||| ||spa||
020
_a
84-7050-207-7
082
_a
291.432/P54
100
_a
Pietri, Gaston
245
0
_a
De una orilla a la otra:
264
_b
Edicep
942
_c
LIB
999
_c
9127
_d
9127